[Event "Hoersching op 2nd"]
[Site "Hoersching"]
[Date "2014.08.31"]
[Round "9"]
[White "Kusche, Heinz"]
[Black "Surtmann, Leopold"]
[Result "0-1"]
[WhiteElo "1906"]
[BlackElo "1863"]
[PlyCount "80"]
[EventDate "2014.08.23"]
[EventType "swiss"]
[EventRounds "9"]
[EventCountry "AUT"]
[SourceTitle "EXT 2015"]
[Source "ChessBase"]
[SourceDate "2014.11.20"]
[SourceVersion "1"]
[SourceVersionDate "2014.11.20"]
[SourceQuality "1"]

1. e4 c5 2. Nf3 e6 3. d4 cxd4 4. Nxd4 Nc6 5. Nc3 Qc7 6. g3 a6 7. Bg2 Nf6 8. a3 Be7 9. Bf4 d6 10. Nxc6 bxc6 11. 0-0 Rb8 12. b3 0-0 13. Re1 e5 14. Bg5 Be6 15. Qd3 a5 16. f4 Qa7+ 17. Qe3 Qxe3+ 18. Rxe3 exf4 19. gxf4 h6 20. Bh4 d5 21. Rd3 Bc5+ 22. Bf2 Bxf2+ 23. Kxf2 dxe4 24. Nxe4 Nd5 25. Kg3 Bf5 26. c4 Ne7 27. Re3 Be6 28. Nc5 Nf5+ 29. Kf2 Nxe3 30. Kxe3 Bf5 31. Kf2 Rfd8 32. Ra2 Rd4 33. Ke3 Rd1 34. Bxc6 Rc8 35. Bf3 Re8+ 36. Kf2 Rc8 37. Nb7 Bd3 38. Nxa5 Rf1+ 39. Kg2 Rc6 40. b4 Rg6+ 0-1

[Event "Hoersching op 2nd"]
[Site "Hoersching"]
[Date "2014.08.28"]
[Round "6"]
[White "Wiesinger, Johann"]
[Black "Kusche, Heinz"]
[Result "1/2-1/2"]
[WhiteElo "1822"]
[BlackElo "1906"]
[PlyCount "121"]
[EventDate "2014.08.23"]
[EventType "swiss"]
[EventRounds "9"]
[EventCountry "AUT"]
[SourceTitle "EXT 2015"]
[Source "ChessBase"]
[SourceDate "2014.11.20"]
[SourceVersion "1"]
[SourceVersionDate "2014.11.20"]
[SourceQuality "1"]

1. e4 e6 2. b3 d5 3. Bb2 Nf6 4. e5 Nfd7 5. d4 c5 6. c3 Nc6 7. f4 cxd4 8. cxd4 Bb4+ 9. Nd2 0-0 10. Ngf3 f6 11. a3 Bxd2+ 12. Qxd2 fxe5 13. fxe5 b6 14. Bb5 Na5 15. Qe3 a6 16. Be2 h6 17. 0-0 Bb7 18. Rac1 Qe7 19. Bd1 Rf7 20. Bc2 Bc6 21. Qd3 Nf8 22. a4 Be8 23. Bc3 Nc6 24. Bb1 b5 25. Bd2 Qa7 26. Be3 Ne7 27. Nh4 g5 28. Rxf7 Bxf7 29. Nf3 Nf5 30. Bf2 bxa4 31. bxa4 Qb6 32. Qc3 Be8 33. a5 Qb7 34. Bd3 Bb5 35. Bxf5 exf5 36. Nd2 Bd7 37. Rb1 Bb5 38. Qc2 Qd7 39. Rc1 Bc4 40. Qc3 Rc8 41. Nb3 Ne6 42. Nc5 Nxc5 43. dxc5 Rb8 44. Re1 Rb3 45. Qc2 Qe6 46. c6 Qxc6 47. Qxf5 Bd3 48. Qh3 Bc2 49. Qg4 Rb1 50. Rxb1 Bxb1 51. h3 Kf7 52. Qh5+ Qg6 53. Qf3+ Ke6 54. Qc3 Qc2 55. Qd4 Qc1+ 56. Kh2 Qf4+ 57. Qxf4 gxf4 58. Bd4 Kf5 59. Kg1 Ke4 60. Bb2 Ke3 61. Bc1+ 1/2-1/2